NBA Decades Lineups - Statistics

General Stats
  • This quiz has been taken 27 times
  • The average score is 24 of 29
Answer Stats
Answer % Correct
Lebron James
100%
Lebron James
100%
Nikola Jokic
100%
Kevin Durant
96%
Kobe Bryant
96%
Kobe Bryant
96%
Larry Bird
96%
Magic Johnson
96%
Michael Jordan
96%
Scottie Pippen
96%
Shaquille O'Neal
96%
Stephen Curry
96%
Stephen Curry
96%
Tim Duncan
96%
Hakeem Olajuwon
92%
Karl Malone
92%
Moses Malone
92%
Kareem Abdul-Jabbar
88%
Giannis Antetokounmpo
83%
Shai Gilgeous-Alexander
83%
Allen Iverson
79%
John Stockton
79%
Dwight Howard
67%
Bill Walton
54%
John Havlicek
54%
Julius Erving
54%
Kevin McHale
54%
Anthony Edwards
38%
Walt Frazier
38%
No matching quizzes found
Score Distribution
Percent of People with Each Score
Percentile by Number Answered
Your Score History
You have not taken this quiz